[Event "25. Open Internacional de Andorra"]
[Site "Andorra AND"]
[Date "2007.07.02"]
[Round "2.8"]
[White "Lopez Martinez, Josep Manuel"]
[Black "Vega Gutierrez, Sabrina Neide"]
[Result "1/2-1/2"]
[WhiteElo "2563"]
[BlackElo "2335"]
[PlyCount "119"]
[EventDate "2007.06.30"]
[EventType "swiss"]
[EventRounds "9"]
[EventCountry "AND"]
[Source "lmi"]
[SourceDate "2007.06.30"]

1. Nf3 d5 2. d4 c6 3. c4 e6 4. e3 Nf6 5. b3 Bb4+ 6. Nbd2 c5 7. Bb2 cxd4 8. exd4
dxc4 9. bxc4 Ne4 10. Bd3 Nxd2 11. Nxd2 Qg5 12. Qc2 Bxd2+ 13. Qxd2 Qxd2+ 14.
Kxd2 O-O 15. Bc3 Bd7 16. a4 Bc6 17. a5 Nd7 18. f3 Rfd8 19. Ke3 Rac8 20. Ra3 f6
21. h4 e5 22. d5 Nc5 23. Be2 Be8 24. Rb1 Bg6 25. Rb2 Kf7 26. Rb5 Rd7 27. Bb4
Na6 28. Rb3 Bc2 29. Ra3 Nxb4 30. Rxb4 Ke7 31. f4 Kd6 32. fxe5+ Kxe5 33. Bd3
Bxd3 34. Kxd3 Rc5 35. Ra2 Kd6 36. Rab2 Rcc7 37. Kd4 Re7 38. Rb5 f5 39. Kd3 Re4
40. Rc2 a6 41. Rb6+ Kc5 42. Re6 Rxe6 43. dxe6 Kd6 44. Kd4 Kxe6 45. Re2+ Kd6 46.
Re8 Re7 47. c5+ Kd7 48. Rg8 Re4+ 49. Kd5 Rg4 50. Rf8 Rxg2 51. Rf7+ Kc8 52. Rxf5
Rd2+ 53. Kc4 Kc7 54. Re5 Kd7 55. Rg5 g6 56. h5 gxh5 57. Rxh5 Rc2+ 58. Kb4 Rb2+
59. Kc4 Rc2+ 60. Kd5 1/2-1/2

[Event "25. Open Internacional de Andorra"]
[Site "Andorra AND"]
[Date "2007.07.02"]
[Round "2.9"]
[White "Navarro Cia, Miguel"]
[Black "Peralta, Fernando"]
[Result "0-1"]
[WhiteElo "2338"]
[BlackElo "2563"]
[PlyCount "72"]
[EventDate "2007.06.30"]
[EventType "swiss"]
[EventRounds "9"]
[EventCountry "AND"]
[Source "lmi"]
[SourceDate "2007.06.30"]

1. e4 c6 2. Nc3 d5 3. d4 dxe4 4. Nxe4 Bf5 5. Ng3 Bg6 6. h4 h6 7. Nf3 Nd7 8. h5
Bh7 9. Bd3 Bxd3 10. Qxd3 e6 11. Bf4 Qa5+ 12. Bd2 Bb4 13. c3 Be7 14. O-O Ngf6
15. Rfe1 O-O 16. Ne5 Rad8 17. Qe2 Rfe8 18. a3 Qc7 19. Rad1 c5 20. Nxf7 Kxf7 21.
Qxe6+ Kf8 22. Nf5 Qc6 23. Nxg7 Kxg7 24. Bxh6+ Kxh6 25. Qf7 Rg8 26. d5 Qd6 27.
Rxe7 Ne5 28. Qe6 Qxe6 29. Rxe6 Ned7 30. f3 Kxh5 31. g4+ Kg5 32. Kf2 Kf4 33. b4
Rh8 34. Kg2 b6 35. c4 Rh7 36. Rg1 Rdh8 0-1

[Event "25. Open Internacional de Andorra"]
[Site "Andorra AND"]
[Date "2007.07.02"]
[Round "2.10"]
[White "Strikovic, Aleksa"]
[Black "Furman, Boris"]
[Result "1-0"]
[WhiteElo "2563"]
[BlackElo "2279"]
[PlyCount "75"]
[EventDate "2007.06.30"]
[EventType "swiss"]
[EventRounds "9"]
[EventCountry "AND"]
[Source "lmi"]
[SourceDate "2007.06.30"]

1. c4 Nf6 2. Nc3 e6 3. e4 d5 4. e5 Ne4 5. Nf3 Nc6 6. d4 f6 7. exf6 Nxf6 8. Bd3
Be7 9. O-O O-O 10. Re1 dxc4 11. Bxc4 Nd5 12. a3 Bf6 13. Ba2 Kh8 14. Qd3 Nde7
15. Be3 Nf5 16. Rad1 e5 17. d5 Ncd4 18. Bxd4 exd4 19. Ne4 Be7 20. Nxd4 Nxd4 21.
Qxd4 Bf5 22. d6 cxd6 23. Nxd6 Bxd6 24. Qxd6 Qh4 25. Qe7 Qf4 26. g3 Qa4 27. Qxb7
Rab8 28. Qd5 Bg4 29. Rd4 Qc2 30. Rd2 Qg6 31. Bb1 Qh6 32. h4 Bf3 33. Qg5 Qc6 34.
Kh2 Rbe8 35. Re7 Rg8 36. Rxe8 Rxe8 37. Rd8 h6 38. Rxe8+ 1-0

[Event "25. Open Internacional de Andorra"]
[Site "Andorra AND"]
[Date "2007.07.02"]
[Round "2.11"]
[White "Fenollar Jorda, Manuel"]
[Black "Flores, Diego"]
[Result "1/2-1/2"]
[WhiteElo "2287"]
[BlackElo "2543"]
[PlyCount "116"]
[EventDate "2007.06.30"]
[EventType "swiss"]
[EventRounds "9"]
[EventCountry "AND"]
[Source "lmi"]
[SourceDate "2007.06.30"]

1. e4 c5 2. Nf3 e6 3. d4 cxd4 4. Nxd4 Qb6 5. Be3 Bc5 6. Nc3 Nc6 7. Na4 Qa5+ 8.
c3 Bxd4 9. Bxd4 Nf6 10. Nc5 b6 11. Nb3 Qa4 12. Nd2 Qxd1+ 13. Rxd1 Ke7 14. f3
Bb7 15. Bxf6+ gxf6 16. Nc4 Ne5 17. Rd2 d5 18. exd5 Bxd5 19. Nxe5 fxe5 20. c4
Bc6 21. Bd3 Rad8 22. Kf2 Rd4 23. Rhd1 f5 24. b3 Rhd8 25. Ke3 Rh4 26. h3 Rg8 27.
Bc2 h5 28. a4 Rf4 29. a5 bxa5 30. Rd6 Be8 31. Kf2 e4 32. Ra6 h4 33. Ke3 exf3
34. gxf3 Rxf3+ 35. Kxf3 Bh5+ 36. Kf2 Bxd1 37. Bxd1 Rg3 38. Bf3 Rxh3 39. Rxa5
Kf6 40. Rxa7 e5 41. Bd5 e4 42. b4 Ke5 43. Rf7 Rb3 44. Rh7 Rxb4 45. Rxh4 f4 46.
Rh5+ Kd4 47. Bxe4 Kxe4 48. Rb5 Rxc4 49. Rb3 Ra4 50. Rc3 Ra2+ 51. Kf1 Kf5 52.
Rb3 Kg4 53. Rc3 Ra8 54. Kf2 Rh8 55. Ra3 Rh2+ 56. Kg1 Re2 57. Kf1 Re3 58. Rxe3
fxe3 1/2-1/2

[Event "25. Open Internacional de Andorra"]
[Site "Andorra AND"]
[Date "2007.07.02"]
[Round "2.12"]
[White "Rodshtein, Maxim"]
[Black "Avila Jimenez, Javier"]
[Result "1-0"]
[WhiteElo "2530"]
[BlackElo "2259"]
[PlyCount "97"]
[EventDate "2007.06.30"]
[EventType "swiss"]
[EventRounds "9"]
[EventCountry "AND"]
[Source "lmi"]
[SourceDate "2007.06.30"]

1. d4 Nf6 2. c4 e5 3. dxe5 Ng4 4. Bf4 Nc6 5. Nf3 Bb4+ 6. Nbd2 Qe7 7. e3 Ngxe5
8. Nxe5 Nxe5 9. Be2 d6 10. O-O a5 11. Nb3 a4 12. a3 Bc3 13. Qc2 Bxb2 14. Qxb2
axb3 15. c5 Be6 16. Bb5+ Kf8 17. cxd6 cxd6 18. Rac1 f6 19. Rc3 Kf7 20. Rfc1
Rac8 21. Rxc8 Rxc8 22. Rxc8 Bxc8 23. Qxb3+ Be6 24. Qc2 g6 25. h3 Qd8 26. Qb2
Qc7 27. Be2 Bd5 28. Kh2 Qc5 29. a4 Bc6 30. Qb3+ Bd5 31. Qb1 Bc6 32. Bd1 Kg7 33.
Bb3 g5 34. Bg3 Qb4 35. Qc2 h5 36. f3 g4 37. fxg4 hxg4 38. h4 Nd7 39. h5 Be4 40.
Qc7 Bc6 41. Bd5 Qxa4 42. Qxd6 Bxd5 43. Qxd5 Nf8 44. Qxb7+ Nd7 45. Qd5 Qa7 46.
Qf5 Nf8 47. Qxg4+ Kf7 48. h6 Ng6 49. Qc4+ 1-0

[Event "25. Open Internacional de Andorra"]
[Site "Andorra AND"]
[Date "2007.07.02"]
[Round "2.13"]
[White "Simonet Pons, Marc"]
[Black "Arizmendi Martinez, Julen Luis"]
[Result "0-1"]
[WhiteElo "2260"]
[BlackElo "2525"]
[PlyCount "48"]
[EventDate "2007.06.30"]
[EventType "swiss"]
[EventRounds "9"]
[EventCountry "AND"]
[Source "lmi"]
[SourceDate "2007.06.30"]

1. d4 g6 2. c4 Bg7 3. e4 d6 4. Nc3 e5 5. dxe5 dxe5 6. Qxd8+ Kxd8 7. f4 Nc6 8.
Nf3 Be6 9. Bd2 Nf6 10. Ng5 h6 11. Nxe6+ fxe6 12. fxe5 Ng4 13. Be2 Ngxe5 14.
O-O-O Ke7 15. Be3 a6 16. Na4 b6 17. b3 h5 18. Bg5+ Bf6 19. Be3 Nf7 20. Rhf1
Rad8 21. Nb2 Rxd1+ 22. Bxd1 Rd8 23. Be2 Bd4 24. Bf4 e5 0-1

[Event "25. Open Internacional de Andorra"]
[Site "Andorra AND"]
[Date "2007.07.02"]
[Round "2.14"]
[White "De la Riva Aguado, Oscar"]
[Black "Teixeira, Rafael Goltsman"]
[Result "1-0"]
[WhiteElo "2525"]
[BlackElo "2229"]
[PlyCount "57"]
[EventDate "2007.06.30"]
[EventType "swiss"]
[EventRounds "9"]
[EventCountry "AND"]
[Source "lmi"]
[SourceDate "2007.06.30"]

1. e4 c5 2. Nf3 d6 3. c3 Nf6 4. Be2 Nbd7 5. d3 g6 6. O-O Bg7 7. Re1 O-O 8. Bf1
Ne5 9. Nbd2 b6 10. Nxe5 dxe5 11. b4 cxb4 12. cxb4 Ne8 13. Bb2 Nd6 14. a4 a5 15.
bxa5 bxa5 16. h3 Rb8 17. Bc3 Be6 18. Nf3 f6 19. Qd2 Nb7 20. d4 exd4 21. Nxd4
Bf7 22. Nc6 Qxd2 23. Bxd2 Rbe8 24. Nxa5 Nc5 25. Bb4 Rc8 26. Ra3 Bh6 27. g3 e5
28. Bb5 Be6 29. Nc6 1-0

[Event "25. Open Internacional de Andorra"]
[Site "Andorra AND"]
[Date "2007.07.02"]
[Round "2.15"]
[White "Martin Perez, Javier"]
[Black "Kosten, Anthony C"]
[Result "0-1"]
[WhiteElo "2241"]
[BlackElo "2517"]
[PlyCount "42"]
[EventDate "2007.06.30"]
[EventType "swiss"]
[EventRounds "9"]
[EventCountry "AND"]
[Source "lmi"]
[SourceDate "2007.06.30"]

1. e4 e5 2. Nf3 Nc6 3. Bb5 Nf6 4. O-O Nxe4 5. d4 Be7 6. d5 Nd6 7. Ba4 e4 8.
dxc6 exf3 9. cxd7+ Bxd7 10. Bxd7+ Qxd7 11. Qxf3 O-O-O 12. Nc3 Rhe8 13. Rd1 Bf6
14. Nd5 Be5 15. Be3 Qf5 16. Qe2 Qe4 17. Qd2 c6 18. Qa5 Nf5 19. Nc3 Rxd1+ 20.
Nxd1 Nh4 21. f3 Qg6 0-1

[Event "25. Open Internacional de Andorra"]
[Site "Andorra AND"]
[Date "2007.07.02"]
[Round "2.17"]
[White "Sandu, Mihaela"]
[Black "Del Rio Angelis, Salvador Gabriel"]
[Result "0-1"]
[WhiteElo "2226"]
[BlackElo "2505"]
[PlyCount "73"]
[EventDate "2007.06.30"]
[EventType "swiss"]
[EventRounds "9"]
[EventCountry "AND"]
[Source "lmi"]
[SourceDate "2007.06.30"]

1. e4 e6 2. d4 d5 3. Nc3 Bb4 4. exd5 exd5 5. Bd3 Nc6 6. a3 Be7 7. Nce2 Nf6 8.
c3 O-O 9. Ng3 Re8 10. N1e2 b6 11. O-O Na5 12. Nf5 Bxf5 13. Bxf5 Nc4 14. Bc2 c6
15. Ng3 g6 16. Qf3 Nd7 17. b3 Nd6 18. Bf4 Nf8 19. Be5 f6 20. Bf4 Nf7 21. h4 f5
22. h5 Bg5 23. hxg6 hxg6 24. Rfe1 Bxf4 25. Rxe8 Qxe8 26. Qxf4 Ne6 27. Qh4 Nd6
28. Re1 Qf7 29. Ne2 Re8 30. g3 Kg7 31. Nf4 Nxf4 32. Rxe8 Nh3+ 33. Qxh3 Qxe8 34.
Qf1 Nb5 35. Bd3 Nxc3 36. Qc1 Ne4 37. Qxc6 0-1

[Event "25. Open Internacional de Andorra"]
[Site "Andorra AND"]
[Date "2007.07.02"]
[Round "2.18"]
[White "Movsziszian, Karen"]
[Black "Popilsky, Gil"]
[Result "1/2-1/2"]
[WhiteElo "2497"]
[BlackElo "2193"]
[PlyCount "76"]
[EventDate "2007.06.30"]
[EventType "swiss"]
[EventRounds "9"]
[EventCountry "AND"]
[Source "lmi"]
[SourceDate "2007.06.30"]

1. e4 c5 2. d3 Nc6 3. g3 g6 4. Bg2 Bg7 5. f4 d6 6. Nf3 Nf6 7. O-O Bg4 8. h3
Bxf3 9. Qxf3 O-O 10. c3 Nd7 11. Be3 b5 12. e5 Rc8 13. exd6 exd6 14. a3 a5 15.
Nd2 b4 16. Rac1 Nb6 17. Qd1 Re8 18. Bf2 bxc3 19. bxc3 Ne7 20. Nc4 d5 21. Nxa5
Nf5 22. Re1 Rxe1+ 23. Qxe1 Na4 24. c4 Nb2 25. Nb7 Qd7 26. Nxc5 Rxc5 27. Bxc5
Nxd3 28. Qd1 Nxc5 29. Bxd5 Qa7 30. Kh2 Qxa3 31. Qe1 Bd4 32. Rd1 Qa4 33. Rb1 Kg7
34. g4 Ne3 35. Qb4 Qxb4 36. Rxb4 Bc3 37. Rb5 Bd4 38. g5 Nf5 1/2-1/2

[Event "25. Open Internacional de Andorra"]
[Site "Andorra AND"]
[Date "2007.07.02"]
[Round "2.19"]
[White "Garcia Paolicchi, Raul"]
[Black "Comas Fabrego, Luis"]
[Result "1/2-1/2"]
[WhiteElo "2208"]
[BlackElo "2487"]
[PlyCount "38"]
[EventDate "2007.06.30"]
[EventType "swiss"]
[EventRounds "9"]
[EventCountry "AND"]
[Source "lmi"]
[SourceDate "2007.06.30"]

1. d4 Nf6 2. Nf3 c5 3. d5 g6 4. Nc3 d6 5. e4 Bg7 6. Bb5+ Nbd7 7. a4 O-O 8. h3
a6 9. Bd3 e6 10. O-O exd5 11. Nxd5 Nxd5 12. exd5 Re8 13. c3 Nf6 14. Bc2 Rb8 15.
a5 Bd7 16. Bg5 b6 17. axb6 Rxb6 18. b3 h6 19. Bh4 Qa8 1/2-1/2

[Event "25. Open Internacional de Andorra"]
[Site "Andorra AND"]
[Date "2007.07.02"]
[Round "2.20"]
[White "Edouard, Romain"]
[Black "Vega Gutierrez, Belinda Vidina"]
[Result "1-0"]
[WhiteElo "2447"]
[BlackElo "2159"]
[PlyCount "53"]
[EventDate "2007.06.30"]
[EventType "swiss"]
[EventRounds "9"]
[EventCountry "AND"]
[Source "lmi"]
[SourceDate "2007.06.30"]

1. e4 e5 2. Nf3 Nc6 3. Bb5 a6 4. Ba4 Nf6 5. d3 d6 6. c3 g6 7. Bg5 Bg7 8. Nbd2
O-O 9. Nf1 h6 10. Bh4 Ne7 11. Ne3 c6 12. Bc2 Qc7 13. h3 d5 14. g4 Rd8 15. Qe2
b5 16. Bg3 Nd7 17. h4 Qa5 18. Nd2 d4 19. cxd4 exd4 20. Nef1 Ne5 21. Nh2 c5 22.
f4 N5c6 23. O-O Qb6 24. Qf2 Nb4 25. Bb1 Bb7 26. f5 Qf6 27. a3 1-0

[Event "25. Open Internacional de Andorra"]
[Site "Andorra AND"]
[Date "2007.07.02"]
[Round "3.1"]
[White "Kosten, Anthony C"]
[Black "Postny, Evgeny"]
[Result "1/2-1/2"]
[WhiteElo "2517"]
[BlackElo "2622"]
[PlyCount "70"]
[EventDate "2007.06.30"]
[EventType "swiss"]
[EventRounds "9"]
[EventCountry "AND"]
[Source "lmi"]
[SourceDate "2007.06.30"]

1. e4 e5 2. Nf3 Nc6 3. Bb5 a6 4. Ba4 Nf6 5. O-O Be7 6. Re1 b5 7. Bb3 d6 8. c3
O-O 9. h3 Na5 10. Bc2 c5 11. d4 Nd7 12. Nbd2 exd4 13. cxd4 Nc6 14. d5 Nce5 15.
Nxe5 Nxe5 16. a4 Rb8 17. axb5 axb5 18. f4 Ng6 19. Nf3 f5 20. exf5 Bxf5 21. Bxf5
Rxf5 22. g4 Rxf4 23. Bxf4 Nxf4 24. Qd2 Bg5 25. Kh2 Nxh3 26. Qd3 Nf4 27. Qf5 h6
28. Nxg5 Qxg5 29. Qxg5 hxg5 30. Ra7 Nxd5 31. Re6 Nf6 32. Rxd6 Re8 33. Rc6 Re2+
34. Kg1 Rxb2 35. Rxc5 Rb4 1/2-1/2

[Event "25. Open Internacional de Andorra"]
[Site "Andorra AND"]
[Date "2007.07.02"]
[Round "3.2"]
[White "Baklan, Vladimir"]
[Black "De la Riva Aguado, Oscar"]
[Result "1/2-1/2"]
[WhiteElo "2618"]
[BlackElo "2525"]
[PlyCount "43"]
[EventDate "2007.06.30"]
[EventType "swiss"]
[EventRounds "9"]
[EventCountry "AND"]
[Source "lmi"]
[SourceDate "2007.06.30"]

1. e4 c5 2. Nf3 e6 3. Nc3 Nc6 4. g3 a6 5. Bg2 d6 6. O-O Nf6 7. d4 cxd4 8. Nxd4
Bd7 9. Nb3 Be7 10. a4 O-O 11. f4 Na5 12. e5 Ne8 13. Nxa5 Qxa5 14. Be3 Bc6 15.
f5 Bxg2 16. Kxg2 exf5 17. Nd5 Qd8 18. Rxf5 dxe5 19. Rxe5 Bf6 20. Bb6 Qc8 21.
Re2 Qc6 22. Kg1 1/2-1/2

[Event "25. Open Internacional de Andorra"]
[Site "Andorra AND"]
[Date "2007.07.02"]
[Round "3.5"]
[White "Damaso, Rui"]
[Black "Kogan, Artur"]
[Result "0-1"]
[WhiteElo "2438"]
[BlackElo "2566"]
[PlyCount "48"]
[EventDate "2007.06.30"]
[EventType "swiss"]
[EventRounds "9"]
[EventCountry "AND"]
[Source "lmi"]
[SourceDate "2007.06.30"]

1. d4 d5 2. c4 dxc4 3. e3 Nc6 4. Bxc4 Nf6 5. Nf3 g6 6. Nc3 Bg7 7. h3 O-O 8. e4
Nd7 9. Be3 Nb6 10. Bb3 Na5 11. O-O Nbc4 12. Bg5 h6 13. Bf4 c5 14. dxc5 Qxd1 15.
Nxd1 Be6 16. Ba4 Rac8 17. Rb1 Rxc5 18. b4 Na3 19. Rb2 Rc4 20. bxa5 Rxa4 21.
Rxb7 Rxa5 22. Bd2 Ra6 23. Ne3 Bxa2 24. Rc1 Ra4 0-1

[Event "25. Open Internacional de Andorra"]
[Site "Andorra AND"]
[Date "2007.07.02"]
[Round "3.6"]
[White "Peralta, Fernando"]
[Black "Edouard, Romain"]
[Result "1/2-1/2"]
[WhiteElo "2563"]
[BlackElo "2447"]
[PlyCount "62"]
[EventDate "2007.06.30"]
[EventType "swiss"]
[EventRounds "9"]
[EventCountry "AND"]
[Source "lmi"]
[SourceDate "2007.06.30"]

1. d4 d5 2. c4 dxc4 3. Nf3 Nf6 4. Nc3 a6 5. e4 b5 6. e5 Nd5 7. a4 e6 8. axb5
Nb6 9. Be3 Bb7 10. bxa6 Rxa6 11. Rxa6 Nxa6 12. Bxc4 Nxc4 13. Qa4+ c6 14. Qxc4
Nb4 15. Qb3 Ba6 16. Kd2 Be7 17. Ne1 O-O 18. Nc2 Nxc2 19. Kxc2 Qa8 20. Qa4 Qb7
21. Ra1 Ra8 22. Kc1 Rb8 23. Qxa6 Qxb2+ 24. Kd1 Qxc3 25. Rc1 Qb3+ 26. Ke1 Ba3
27. Rxc6 Qb1+ 28. Ke2 Rb2+ 29. Kf3 Qf5+ 30. Kg3 Qg6+ 31. Kf3 Qf5+ 1/2-1/2

[Event "25. Open Internacional de Andorra"]
[Site "Andorra AND"]
[Date "2007.07.02"]
[Round "3.8"]
[White "Mellado Trivino, Juan"]
[Black "Rodshtein, Maxim"]
[Result "0-1"]
[WhiteElo "2394"]
[BlackElo "2530"]
[PlyCount "64"]
[EventDate "2007.06.30"]
[EventType "swiss"]
[EventRounds "9"]
[EventCountry "AND"]
[Source "lmi"]
[SourceDate "2007.06.30"]

1. e4 c5 2. c3 d5 3. exd5 Qxd5 4. d4 g6 5. Na3 cxd4 6. Nb5 Na6 7. Be3 Bg7 8.
Bxd4 Bxd4 9. Qxd4 Qxd4 10. Nxd4 e5 11. Nb5 Ke7 12. Nf3 f6 13. O-O-O Be6 14. b3
Nh6 15. h3 Nf7 16. Nd2 Rhc8 17. Bc4 Nc5 18. Bxe6 Nxe6 19. Nb1 a6 20. N5a3 Nd6
21. Kb2 Ne4 22. Rhf1 Nf4 23. Nc4 Rd8 24. Nb6 Nxf2 25. Rxf2 Rxd1 26. Rxf4 exf4
27. Nxa8 Rg1 28. Nd2 Rxg2 29. Kc1 Rg3 30. Nb6 Ke6 31. c4 Rxh3 32. Nd5 Ke5 0-1

[Event "25. Open Internacional de Andorra"]
[Site "Andorra AND"]
[Date "2007.07.02"]
[Round "3.9"]
[White "Arizmendi Martinez, Julen Luis"]
[Black "Fernandez Romero, Ernesto"]
[Result "1/2-1/2"]
[WhiteElo "2525"]
[BlackElo "2437"]
[PlyCount "31"]
[EventDate "2007.06.30"]
[EventType "swiss"]
[EventRounds "9"]
[EventCountry "AND"]
[Source "lmi"]
[SourceDate "2007.06.30"]

1. e4 e6 2. d4 d5 3. Nd2 Nf6 4. e5 Nfd7 5. c3 c5 6. Bd3 Nc6 7. Ne2 cxd4 8. cxd4
f6 9. exf6 Nxf6 10. O-O Bd6 11. Nf3 O-O 12. Bf4 Bxf4 13. Nxf4 Ng4 14. Nh5 g6
15. Ng3 Qb6 16. Qb3 1/2-1/2

[Event "25. Open Internacional de Andorra"]
[Site "Andorra AND"]
[Date "2007.07.02"]
[Round "3.10"]
[White "Khenkin, Igor"]
[Black "Vila Gazquez, Javier"]
[Result "1-0"]
[WhiteElo "2629"]
[BlackElo "2415"]
[PlyCount "37"]
[EventDate "2007.06.30"]
[EventType "swiss"]
[EventRounds "9"]
[EventCountry "AND"]
[Source "lmi"]
[SourceDate "2007.06.30"]

1. d4 Nf6 2. c4 e6 3. Nc3 Bb4 4. g3 d5 5. a3 Bxc3+ 6. bxc3 c5 7. cxd5 Nxd5 8.
dxc5 Qa5 9. e4 Ne7 10. Be3 O-O 11. Qb3 Nd7 12. Nh3 Qc7 13. Qc4 Ne5 14. Qb5 Bd7
15. Qb3 Bc6 16. Be2 Rad8 17. O-O N5g6 18. Ng5 Rd7 19. Rad1 1-0

[Event "25. Open Internacional de Andorra"]
[Site "Andorra AND"]
[Date "2007.07.02"]
[Round "3.11"]
[White "Timoshenko, Georgy"]
[Black "Fenollar Jorda, Manuel"]
[Result "1-0"]
[WhiteElo "2566"]
[BlackElo "2287"]
[PlyCount "49"]
[EventDate "2007.06.30"]
[EventType "swiss"]
[EventRounds "9"]
[EventCountry "AND"]
[Source "lmi"]
[SourceDate "2007.06.30"]

1. e4 e6 2. d4 d5 3. Nc3 Bb4 4. e5 Ne7 5. a3 Bxc3+ 6. bxc3 b6 7. Qg4 Ng6 8.
Bb5+ c6 9. Bd3 Ba6 10. Nf3 c5 11. a4 Qc8 12. O-O Nc6 13. dxc5 bxc5 14. Ba3 Na5
15. h4 h5 16. Qg3 Bxd3 17. cxd3 Rb8 18. Rab1 Rb6 19. Rb5 Rxb5 20. axb5 c4 21.
d4 Qb7 22. Ng5 Ne7 23. Nxe6 fxe6 24. Qxg7 Rf8 25. Ra1 1-0

[Event "25. Open Internacional de Andorra"]
[Site "Andorra AND"]
[Date "2007.07.02"]
[Round "3.12"]
[White "Iglesias, Jorge"]
[Black "Lopez Martinez, Josep Manuel"]
[Result "0-1"]
[WhiteElo "2356"]
[BlackElo "2563"]
[PlyCount "92"]
[EventDate "2007.06.30"]
[EventType "swiss"]
[EventRounds "9"]
[EventCountry "AND"]
[Source "lmi"]
[SourceDate "2007.06.30"]

1. e4 c6 2. d4 d5 3. e5 Bf5 4. c4 dxc4 5. Bxc4 e6 6. Nc3 Ne7 7. Nge2 Nd7 8. Ng3
Bg6 9. h4 h6 10. h5 Bh7 11. Nce4 Nf5 12. Nxf5 Bxf5 13. Ng3 Nb6 14. Bb3 Bb4+ 15.
Kf1 Bh7 16. Qg4 Bf8 17. Bd2 Qd7 18. Ba5 Nd5 19. Kg1 Ne7 20. Bb4 O-O-O 21. Rd1
Kb8 22. Kh2 Ka8 23. Rhe1 g6 24. Qf3 Nd5 25. Bxf8 Rhxf8 26. Ne4 gxh5 27. Bxd5
Qxd5 28. Nf6 Qxf3 29. gxf3 Bc2 30. Rd2 Bg6 31. b4 b6 32. Rc1 Rc8 33. Kg3 Rfd8
34. Ne4 Bxe4 35. fxe4 Rg8+ 36. Kf3 Kb7 37. Rdc2 Rgd8 38. Ke3 Rg8 39. Rh1 Rg5
40. Rhc1 b5 41. a4 bxa4 42. b5 c5 43. dxc5 h4 44. c6+ Kb6 45. Kf4 h3 46. Rh1
Rh5 0-1

[Event "25. Open Internacional de Andorra"]
[Site "Andorra AND"]
[Date "2007.07.02"]
[Round "3.13"]
[White "Flores, Diego"]
[Black "Morros Faura, Ricard"]
[Result "1-0"]
[WhiteElo "2543"]
[BlackElo "2129"]
[PlyCount "93"]
[EventDate "2007.06.30"]
[EventType "swiss"]
[EventRounds "9"]
[EventCountry "AND"]
[Source "lmi"]
[SourceDate "2007.06.30"]

1. c4 f5 2. g3 Nf6 3. Bg2 e6 4. Nf3 Be7 5. O-O O-O 6. b3 Qe8 7. d3 d6 8. Nc3 e5
9. c5 Nc6 10. cxd6 cxd6 11. b4 Qh5 12. b5 Nd8 13. a4 h6 14. Ba3 f4 15. Ne4 Nf7
16. Rc1 Bh3 17. Rc7 Nd5 18. Rxb7 Bc8 19. Rxe7 Nxe7 20. Nxd6 Bh3 21. Bxh3 Qxh3
22. Qb3 Ng6 23. Rc1 Qd7 24. Rc6 Kh7 25. Nxf7 Qxf7 26. Qxf7 Rxf7 27. Rxg6 Kxg6
28. Nxe5+ Kf6 29. Nxf7 Kxf7 30. Bc5 fxg3 31. hxg3 Ke6 32. e4 Kd7 33. f4 a6 34.
b6 Kc6 35. d4 a5 36. Kf2 Re8 37. Kf3 h5 38. f5 Rh8 39. e5 h4 40. gxh4 Rxh4 41.
e6 Rh8 42. Kf4 Rh1 43. Bf8 Rf1+ 44. Kg5 Rg1+ 45. Kh5 Kxb6 46. Bxg7 Kc7 47. f6
1-0

[Event "25. Open Internacional de Andorra"]
[Site "Andorra AND"]
[Date "2007.07.02"]
[Round "3.16"]
[White "Popilsky, Gil"]
[Black "Panelo Muñoz, Marcelo"]
[Result "1/2-1/2"]
[WhiteElo "2193"]
[BlackElo "2392"]
[PlyCount "45"]
[EventDate "2007.06.30"]
[EventType "swiss"]
[EventRounds "9"]
[EventCountry "AND"]
[Source "lmi"]
[SourceDate "2007.06.30"]

1. e4 c5 2. Nf3 d6 3. d4 cxd4 4. Nxd4 Nf6 5. Nc3 a6 6. Be2 e5 7. Nb3 Be7 8. Bg5
Be6 9. Bxf6 Bxf6 10. Qd3 Nc6 11. O-O-O Be7 12. Kb1 O-O 13. Nd5 a5 14. c3 a4 15.
Nd2 Bxd5 16. Qxd5 Ra5 17. Qd3 d5 18. exd5 Rxd5 19. Qc2 Qb6 20. Bf3 Rdd8 21. Nc4
Qb5 22. Ne3 Bc5 23. Nd5 1/2-1/2

[Event "25. Open Internacional de Andorra"]
[Site "Andorra AND"]
[Date "2007.07.02"]
[Round "3.17"]
[White "Vassallo Barroche, Mauricio"]
[Black "Garcia Paolicchi, Raul"]
[Result "1-0"]
[WhiteElo "2392"]
[BlackElo "2208"]
[PlyCount "83"]
[EventDate "2007.06.30"]
[EventType "swiss"]
[EventRounds "9"]
[EventCountry "AND"]
[Source "lmi"]
[SourceDate "2007.06.30"]

1. c4 Nf6 2. Nf3 c6 3. Nc3 d5 4. e3 g6 5. d4 Bg7 6. Bd3 O-O 7. O-O Nbd7 8. cxd5
cxd5 9. Qb3 Nb8 10. Bd2 e6 11. Rfc1 Nc6 12. Be1 Re8 13. Na4 a6 14. Nb6 Rb8 15.
Nxc8 Qxc8 16. Ne5 Nd7 17. Nxc6 bxc6 18. Qa4 Rxb2 19. Rxc6 Qb8 20. Rac1 Bf8 21.
Qxa6 Qa8 22. a4 Qxa6 23. Rxa6 Reb8 24. Rac6 R8b3 25. R6c3 Nb6 26. a5 Nc4 27.
Rxb3 Rxb3 28. Bxc4 dxc4 29. Rxc4 Ra3 30. g4 Ra2 31. Kf1 Be7 32. Rc6 h5 33. gxh5
gxh5 34. h3 Kg7 35. e4 Bf6 36. d5 exd5 37. exd5 Bd8 38. Bc3+ Kf8 39. a6 Ke8 40.
Bd4 Kd7 41. a7 h4 42. Rc1 1-0

[Event "25. Open Internacional de Andorra"]
[Site "Andorra AND"]
[Date "2007.07.02"]
[Round "3.18"]
[White "Blas Correa, Jordi"]
[Black "Berkovich, Mark A"]
[Result "0-1"]
[WhiteElo "2054"]
[BlackElo "2387"]
[PlyCount "42"]
[EventDate "2007.06.30"]
[EventType "swiss"]
[EventRounds "9"]
[EventCountry "AND"]
[Source "lmi"]
[SourceDate "2007.06.30"]

1. f4 Nf6 2. b3 g6 3. Bb2 Bg7 4. e4 O-O 5. d3 Nc6 6. Be2 d6 7. Bf3 e5 8. g3
exf4 9. Ne2 fxg3 10. hxg3 Ne5 11. Bxe5 dxe5 12. Qd2 h5 13. Nbc3 Ng4 14. Bxg4
Bxg4 15. O-O-O c6 16. Rdf1 Qe7 17. Nd1 a5 18. Nf2 Be6 19. g4 hxg4 20. Nc3 g3
21. Nfd1 f5 0-1

[Event "25. Open Internacional de Andorra"]
[Site "Andorra AND"]
[Date "2007.07.02"]
[Round "3.19"]
[White "Jakobsen, Ole"]
[Black "Sola Plaza, Gregorio"]
[Result "1-0"]
[WhiteElo "2379"]
[BlackElo "2048"]
[PlyCount "33"]
[EventDate "2007.06.30"]
[EventType "swiss"]
[EventRounds "9"]
[EventCountry "AND"]
[Source "lmi"]
[SourceDate "2007.06.30"]

1. d4 d5 2. Nf3 Nf6 3. c4 e6 4. Nc3 Bb4 5. Qa4+ Nc6 6. e3 O-O 7. Qc2 Re8 8. Bd2
e5 9. dxe5 Nxe5 10. Nxd5 Bxd2+ 11. Qxd2 Ne4 12. Qc2 Ng4 13. Bd3 Ngxf2 14. Bxe4
Nxe4 15. O-O-O c6 16. Nc3 Qe7 17. Qxe4 1-0